[Event "Dubai zt 3.1a"]
[Site "Dubai"]
[Date "2003.10.09"]
[Round "5"]
[White "Abdulla, A."]
[Black "Hassan, Abdullah"]
[Result "0-1"]
[WhiteElo "2339"]
[BlackElo "2359"]
[PlyCount "86"]
[EventDate "2003.10.06"]
[EventType "swiss"]
[EventRounds "9"]
[EventCountry "UAE"]
[SourceTitle "CBM 097 Extra"]
[Source "ChessBase"]
[SourceDate "2004.01.13"]
[SourceVersion "1"]
[SourceVersionDate "2004.01.13"]
[SourceQuality "1"]

1. d4 e6 2. c4 b6 3. Nc3 Bb4 4. e4 Bb7 5. f3 Ne7 6. Nge2 f5 7. a3 Bxc3+ 8. Nxc3 fxe4 9. fxe4 0-0 10. Be2 d5 11. exd5 exd5 12. Bf3 Nbc6 13. cxd5 Na5 14. Bg5 Qd6 15. b4 Nxd5 16. Nxd5 Bxd5 17. bxa5 Bxf3 18. gxf3 Qd5 19. Be3 Rxf3 20. Kd2 Re8 21. Re1 Rexe3 22. Rxe3 Qxd4+ 23. Kc2 Qxd1+ 24. Rxd1 Rxe3 25. axb6 cxb6 26. a4 Re2+ 27. Kc3 Rxh2 28. Rd8+ Kf7 29. Rd7+ Kf6 30. Rxa7 g5 31. Rb7 g4 32. Rxb6+ Kg5 33. a5 Ra2 34. Rb5+ Kh4 35. Kb3 Ra1 36. Kb2 Re1 37. a6 Re6 38. Ra5 Re8 39. a7 Ra8 40. Ra6 h5 41. Kc3 g3 42. Kd3 g2 43. Rg6 Kh3 0-1

[Event "Dubai zt 3.1a"]
[Site "Dubai"]
[Date "2003.10.08"]
[Round "4"]
[White "Mallahi, Amir"]
[Black "Abdulla, A."]
[Result "1-0"]
[WhiteElo "2382"]
[BlackElo "2339"]
[PlyCount "41"]
[EventDate "2003.10.06"]
[EventType "swiss"]
[EventRounds "9"]
[EventCountry "UAE"]
[SourceTitle "CBM 097 Extra"]
[Source "ChessBase"]
[SourceDate "2004.01.13"]
[SourceVersion "1"]
[SourceVersionDate "2004.01.13"]
[SourceQuality "1"]

1. e4 c5 2. Nf3 Nc6 3. d4 cxd4 4. Nxd4 Nf6 5. Nc3 e5 6. Ndb5 d6 7. Bg5 a6 8. Na3 b5 9. Nd5 Qa5+ 10. Bd2 Qd8 11. Bg5 Qa5+ 12. Bd2 Qd8 13. c4 Nxd5 14. exd5 Ne7 15. cxb5 Nxd5 16. bxa6 Bxa6 17. Qa4+ Ke7 18. Bxa6 Qb6 19. Qb5 Rxa6 20. Qxd5 Qxb2 21. Rb1 1-0

[Event "Dubai zt 3.1a"]
[Site "Dubai"]
[Date "2003.10.07"]
[Round "2"]
[White "Abdulla, A."]
[Black "Taleb, Moussa"]
[Result "0-1"]
[WhiteElo "2339"]
[BlackElo "2399"]
[PlyCount "60"]
[EventDate "2003.10.06"]
[EventType "swiss"]
[EventRounds "9"]
[EventCountry "UAE"]
[SourceTitle "CBM 097 Extra"]
[Source "ChessBase"]
[SourceDate "2004.01.13"]
[SourceVersion "1"]
[SourceVersionDate "2004.01.13"]
[SourceQuality "1"]

1. d4 Nf6 2. c4 e6 3. Nc3 Bb4 4. e3 b6 5. Nge2 Ba6 6. a3 Bxc3+ 7. Nxc3 d5 8. b3 0-0 9. Bd3 Re8 10. Bb2 dxc4 11. bxc4 Nc6 12. Qc2 e5 13. d5 Na5 14. Na2 c6 15. Nb4 Bb7 16. dxc6 Nxc6 17. Nxc6 Bxc6 18. 0-0 Rc8 19. f4 exf4 20. Rxf4 Rxe3 21. Rd1 Qe7 22. Rdf1 Qd6 23. Bd4 Re4 24. Rxe4 Bxe4 25. Qc3 Bxd3 26. Qxd3 Rd8 27. Rd1 Ng4 28. Qh3 Qf4 29. Qh4 f6 30. g3 Qe4 0-1

[Event "Dubai zt 3.1a"]
[Site "Dubai"]
[Date "2003.10.06"]
[Round "1"]
[White "Kayle, Charles"]
[Black "Abdulla, A."]
[Result "0-1"]
[WhiteElo "2070"]
[BlackElo "2339"]
[PlyCount "108"]
[EventDate "2003.10.06"]
[EventType "swiss"]
[EventRounds "9"]
[EventCountry "UAE"]
[SourceTitle "CBM 097 Extra"]
[Source "ChessBase"]
[SourceDate "2004.01.13"]
[SourceVersion "1"]
[SourceVersionDate "2004.01.13"]
[SourceQuality "1"]

1. d4 d5 2. c4 e6 3. cxd5 exd5 4. Nc3 c5 5. Nf3 Nc6 6. g3 Nf6 7. Bg2 Be7 8. 0-0 0-0 9. Bg5 cxd4 10. Nxd4 h6 11. Be3 Re8 12. Rc1 Bf8 13. Nxc6 bxc6 14. Na4 Bd7 15. Bc5 Bxc5 16. Nxc5 Bg4 17. Re1 Qa5 18. h3 Bh5 19. a3 Rab8 20. Nd3 Bg6 21. Rc5 Rb5 22. Rxb5 Qxb5 23. a4 Qb6 24. Nf4 Qxb2 25. Nxg6 fxg6 26. Qd3 Kh7 27. h4 Rb8 28. Bf3 Rb3 29. Qa6 Qc3 30. Rf1 Qc5 31. Qc8 h5 32. Rd1 Rb4 33. a5 Qc2 34. Rf1 Ra4 35. a6 Rb4 36. Qc7 Qc5 37. Qc8 Qd6 38. Rc1 Rb6 39. Kg2 Qd7 40. Qxd7 Nxd7 41. e4 dxe4 42. Bxe4 Nb8 43. Rc5 Rb5 44. Rxc6 Nxc6 45. Bxc6 Ra5 46. Bb7 g5 47. hxg5 Rxg5 48. Kf3 Re5 49. Kf4 Re2 50. Kf3 Ra2 51. Ke3 g5 52. f3 Rg2 53. g4 hxg4 54. f4 Rg3+ 0-1

[Event "Baghdad Hussein Cup 11th"]
[Site "Baghdad"]
[Date "2002.10.20"]
[Round "?"]
[White "Abdulla, A."]
[Black "Saad, Al Sarsam"]
[Result "0-1"]
[WhiteElo "2278"]
[BlackElo "2409"]
[PlyCount "82"]
[EventDate "2002.10.20"]
[EventType "swiss"]
[EventRounds "9"]
[EventCountry "IRQ"]
[SourceTitle "EXT 2003"]
[Source "ChessBase"]
[SourceDate "2002.11.25"]
[SourceVersion "1"]
[SourceVersionDate "2002.11.25"]
[SourceQuality "1"]

1. d4 d5 2. c4 c6 3. Nf3 Nf6 4. Nc3 a6 5. e3 b5 6. b3 Bg4 7. Be2 e6 8. 0-0 Nbd7 9. Bb2 Be7 10. h3 Bh5 11. a4 b4 12. Nb1 a5 13. Nbd2 0-0 14. Rc1 Qb8 15. Bd3 Bg6 16. Bxg6 hxg6 17. Qc2 Rd8 18. Rfd1 Qb7 19. g4 c5 20. g5 Ne4 21. h4 Nxd2 22. Nxd2 cxd4 23. exd4 Qb8 24. Qd3 Qf4 25. Qg3 Bd6 26. Qxf4 Bxf4 27. c5 Nb8 28. Rc2 Nc6 29. Nf3 f6 30. Re2 Kf7 31. Rde1 Re8 32. Kg2 Re7 33. h5 gxh5 34. g6+ Kxg6 35. Rxe6 Rxe6 36. Rxe6 Rc8 37. Ne5+ Bxe5 38. dxe5 Kf7 39. Rd6 fxe5 40. Rxd5 Nd4 41. Bxd4 exd4 0-1

[Event "Arab-ch League 4th"]
[Site "Doha"]
[Date "2002.03.07"]
[Round "6"]
[White "Abdul, Majeed Mohamad"]
[Black "Abdulla, A."]
[Result "0-1"]
[WhiteElo "2293"]
[BlackElo "2272"]
[PlyCount "94"]
[EventDate "2002.03.02"]
[EventType "team"]
[EventRounds "11"]
[EventCountry "QAT"]
[SourceTitle "CBM 087 Extra"]
[Source "ChessBase"]
[SourceDate "2002.05.03"]
[SourceVersion "2"]
[SourceVersionDate "2002.08.09"]
[SourceQuality "1"]

1. e4 c5 2. d3 Nc6 3. g3 g6 4. Bg2 Bg7 5. f4 d6 6. Nf3 Nf6 7. 0-0 0-0 8. h3 Ne8 9. Nc3 Rb8 10. Be3 Nd4 11. Qd2 b5 12. Nh4 b4 13. Nd1 f5 14. c3 bxc3 15. bxc3 Nb5 16. a4 Nbc7 17. Nf3 fxe4 18. dxe4 Kh8 19. g4 Bb7 20. Nf2 Nf6 21. Qc2 a5 22. Rfd1 Qc8 23. Nh4 Nd7 24. Rab1 Bc6 25. Rxb8 Qxb8 26. e5 Bxg2 27. Nxg2 d5 28. h4 Qa7 29. Nh3 Qa6 30. h5 Qe6 31. Ng5 Qxg4 32. hxg6 h6 33. Nf7+ Kg8 34. Rb1 Ne6 35. Rb7 d4 36. Bc1 dxc3 37. Rxd7 Nd4 38. Qa2 e6 39. Be3 Qd1+ 40. Kh2 Qh5+ 41. Kg3 Qxg6+ 42. Kh2 Rxf7 43. Rd8+ Rf8 44. Rxf8+ Bxf8 45. Bxd4 cxd4 46. Qc4 c2 47. Nh4 Qg4 0-1

[Event "Olympiad-33"]
[Site "Elista"]
[Date "1998.10.10"]
[Round "11.2"]
[White "Abdulla, A."]
[Black "Chavez, Ricardo Ernesto"]
[Result "1-0"]
[WhiteElo "2290"]
[BlackElo "2150"]
[PlyCount "107"]
[EventDate "1998.09.29"]
[EventType "team-swiss"]
[EventRounds "13"]
[EventCountry "RUS"]
[SourceTitle "CBM 068"]
[Source "ChessBase"]
[SourceDate "1999.02.01"]
[SourceVersion "1"]
[SourceVersionDate "1999.02.01"]
[SourceQuality "1"]
[WhiteTeam "Iraq"]
[BlackTeam "El Salvador"]
[WhiteTeamCountry "IRQ"]
[BlackTeamCountry "ESA"]

1. d4 d5 2. c4 c6 3. Nf3 Nf6 4. Nc3 dxc4 5. e4 b5 6. e5 Nd5 7. a4 b4 8. Ne4 c3 9. bxc3 bxc3 10. Bd3 g6 11. Bg5 Bg7 12. Nd6+ Kf8 13. Ne4 h6 14. Bc1 Qa5 15. 0-0 Nb4 16. Bc4 Bf5 17. Re1 Nd7 18. Qb3 Nd5 19. Bxd5 Rb8 20. Qc4 cxd5 21. Qxc3 Qb6 22. Ng3 Bg4 23. Ba3 Kg8 24. Nd2 Kh7 25. h3 Rhc8 26. Qd3 Be6 27. Bxe7 Qb2 28. Reb1 Rc3 29. Qe2 Qc2 30. Bb4 Rc6 31. Ngf1 Bf5 32. Ne3 Qd3 33. Qxd3 Bxd3 34. Rb3 Bc4 35. Rbb1 Bd3 36. Rb3 Bc4 37. Ndxc4 dxc4 38. Rbb1 Rcb6 39. Nd5 R6b7 40. Rc1 Rxb4 41. Nxb4 Rxb4 42. Rab1 Rxb1 43. Rxb1 Nb6 44. a5 Nd5 45. Kf1 Bf8 46. Rb5 Nb4 47. Rb8 Kg7 48. Rc8 Nd5 49. Rxc4 Bb4 50. Rc8 Nc3 51. a6 Na2 52. Rc7 Bc3 53. Rxa7 Nb4 54. Rxf7+ 1-0

[Event "Olympiad-33"]
[Site "Elista"]
[Date "1998.10.09"]
[Round "10.2"]
[White "Salmensuu, Olli"]
[Black "Abdulla, A."]
[Result "1/2-1/2"]
[WhiteElo "2420"]
[BlackElo "2290"]
[PlyCount "97"]
[EventDate "1998.09.29"]
[EventType "team-swiss"]
[EventRounds "13"]
[EventCountry "RUS"]
[SourceTitle "CBM 068"]
[Source "ChessBase"]
[SourceDate "1999.02.01"]
[SourceVersion "1"]
[SourceVersionDate "1999.02.01"]
[SourceQuality "1"]
[WhiteTeam "Finland"]
[BlackTeam "Iraq"]
[WhiteTeamCountry "FIN"]
[BlackTeamCountry "IRQ"]

1. e4 c5 2. Nf3 Nc6 3. d4 cxd4 4. Nxd4 Qc7 5. Nc3 e6 6. Be3 a6 7. Be2 Nf6 8. a3 Be7 9. 0-0 0-0 10. f4 d6 11. Kh1 Re8 12. Qd3 Bd7 13. Rad1 Rac8 14. Bf3 Bf8 15. Nb3 Red8 16. Qe2 b5 17. Qf2 Rb8 18. g4 b4 19. g5 Ng4 20. Bxg4 bxc3 21. bxc3 Na5 22. Nd4 Nc4 23. f5 e5 24. Nb3 Nxa3 25. Rd3 Bb5 26. g6 Bxd3 27. cxd3 Rxb3 28. Qh4 h6 29. gxf7+ Kxf7 30. f6 Rb1 31. Bc1 g6 32. Qh3 Kg8 33. Be6+ Kh8 34. Ba2 Rxc1 35. Rxc1 Nb5 36. Qe6 Qh7 37. Rb1 h5 38. h4 Bh6 39. f7 Qg7 40. Rg1 Kh7 41. Qe8 Qf8 42. Qe6 Qg7 43. Qe8 d5 44. Qxd8 Qxf7 45. Kg2 Qe6 46. Kf2 Qf7+ 47. Kg2 Qe6 48. Kf2 Qf7+ 49. Kg2 1/2-1/2

[Event "Olympiad-33"]
[Site "Elista"]
[Date "1998.10.03"]
[Round "5.3"]
[White "Abdulla, A."]
[Black "Wastney, Scott C"]
[Result "1-0"]
[WhiteElo "2290"]
[BlackElo "2155"]
[PlyCount "75"]
[EventDate "1998.09.29"]
[EventType "team-swiss"]
[EventRounds "13"]
[EventCountry "RUS"]
[SourceTitle "CBM 068"]
[Source "ChessBase"]
[SourceDate "1999.02.01"]
[SourceVersion "1"]
[SourceVersionDate "1999.02.01"]
[SourceQuality "1"]
[WhiteTeam "Iraq"]
[BlackTeam "New Zealand"]
[WhiteTeamCountry "IRQ"]
[BlackTeamCountry "NZL"]

1. d4 f5 2. c4 Nf6 3. Nf3 g6 4. g3 Bg7 5. Bg2 0-0 6. 0-0 d6 7. Nc3 Qe8 8. d5 Na6 9. Rb1 Nc5 10. Nb5 Qd8 11. b4 Nce4 12. Bb2 Bd7 13. Nbd4 c6 14. dxc6 bxc6 15. c5 Qe8 16. Qc2 dxc5 17. bxc5 e5 18. Nb3 Ng4 19. Nbd2 Qe7 20. Nxe4 fxe4 21. Qxe4 Bf5 22. Qc4+ Be6 23. Qa4 Qxc5 24. Ba3 Qc4 25. Qxc4 Bxc4 26. Bxf8 Rxf8 27. Rb4 Bxe2 28. Rxg4 Bxf3 29. Bxf3 Rxf3 30. Ra4 Rc3 31. Re1 c5 32. Rxa7 c4 33. Re2 Rc1+ 34. Kg2 c3 35. Rc7 Kf8 36. Kf3 h5 37. Ke4 Bf6 38. Re3 1-0

[Event "Olympiad-33"]
[Site "Elista"]
[Date "1998.09.29"]
[Round "1.2"]
[White "Abdulla, A."]
[Black "Kurajica, Bojan"]
[Result "0-1"]
[WhiteElo "2290"]
[BlackElo "2570"]
[PlyCount "68"]
[EventDate "1998.09.29"]
[EventType "team-swiss"]
[EventRounds "13"]
[EventCountry "RUS"]
[SourceTitle "CBM 068"]
[Source "ChessBase"]
[SourceDate "1999.02.01"]
[SourceVersion "1"]
[SourceVersionDate "1999.02.01"]
[SourceQuality "1"]
[WhiteTeam "Iraq"]
[BlackTeam "Bosnia&Herzegovina"]
[WhiteTeamCountry "IRQ"]
[BlackTeamCountry "BIH"]

1. d4 Nf6 2. c4 e6 3. Nf3 b6 4. Nc3 Bb4 5. Bg5 Bb7 6. e3 Bxc3+ 7. bxc3 d6 8. Nd2 h6 9. Bh4 Nbd7 10. f3 c5 11. e4 e5 12. Bxf6 Qxf6 13. d5 h5 14. Bd3 Qg5 15. Qe2 h4 16. a4 Nf6 17. Nf1 Nh5 18. Ne3 Nf4 19. Qd2 0-0 20. Bc2 Bc8 21. 0-0-0 a6 22. Rhg1 b5 23. g3 Nh3 24. Rg2 bxa4 25. f4 exf4 26. gxf4 Qxf4 27. Rf1 Qh6 28. Kb2 f6 29. Bxa4 Rb8+ 30. Ka2 Kh8 31. Nf5 Qxd2+ 32. Rxd2 Bxf5 33. exf5 Rb7 34. Re1 Ng5 0-1

[Event "Arab-ch 8th"]
[Site "Doha"]
[Date "1993.??.??"]
[Round "1"]
[White "Abdulla, A."]
[Black "Hashim, Ali Abdulrazak"]
[Result "1-0"]
[WhiteElo "2300"]
[BlackElo "2205"]
[PlyCount "81"]
[EventDate "1993.??.??"]
[EventType "swiss"]
[EventRounds "11"]
[EventCountry "QAT"]
[SourceTitle "TD"]
[Source "ChessBase"]
[SourceDate "1994.03.01"]
[SourceVersion "1"]
[SourceVersionDate "1994.03.01"]
[SourceQuality "1"]

1. Nf3 Nf6 2. c4 e6 3. g3 d5 4. Bg2 Be7 5. 0-0 0-0 6. d4 b6 7. Nc3 Bb7 8. cxd5 exd5 9. Bf4 Nbd7 10. Rc1 c6 11. Re1 Re8 12. Ne5 Nxe5 13. Bxe5 Nd7 14. Bf4 f5 15. Qd3 g6 16. f3 Bf6 17. e4 dxe4 18. Qc4+ Kg7 19. fxe4 b5 20. Qb4 Nb6 21. Rcd1 a5 22. Qd6 Qxd6 23. Bxd6 Nc4 24. Bc5 Nxb2 25. e5 Bg5 26. Nxb5 Nxd1 27. Rxd1 cxb5 28. Bxb7 Rab8 29. Bc6 Be3+ 30. Kg2 Re6 31. Bd6 Rb6 32. d5 Rxd6 33. exd6 Rb8 34. Re1 Bc5 35. d7 Bb6 36. Bxb5 Bd4 37. a4 Kf7 38. Re6 Bf6 39. Re8 Bd8 40. Ba6 Ra8 41. Bc8 1-0

[Event "Arab-ch 8th"]
[Site "Doha"]
[Date "1993.??.??"]
[Round "2"]
[White "Abdulla, A."]
[Black "Kadhi, Hameed Mansour Ali"]
[Result "0-1"]
[WhiteElo "2300"]
[BlackElo "2270"]
[PlyCount "68"]
[EventDate "1993.??.??"]
[EventType "swiss"]
[EventRounds "11"]
[EventCountry "QAT"]
[SourceTitle "TD"]
[Source "ChessBase"]
[SourceDate "1994.03.01"]
[SourceVersion "1"]
[SourceVersionDate "1994.03.01"]
[SourceQuality "1"]

1. Nf3 Nf6 2. c4 c5 3. g3 b6 4. Bg2 Bb7 5. 0-0 e6 6. Nc3 d6 7. Re1 Nbd7 8. e4 e5 9. Nh4 g6 10. d3 Rb8 11. f4 exf4 12. gxf4 Bg7 13. e5 dxe5 14. Bxb7 Rxb7 15. Qf3 e4 16. Nxe4 0-0 17. Nxf6+ Qxf6 18. Qxb7 Qxh4 19. Be3 Nf6 20. Qg2 Ng4 21. Kh1 Re8 22. Bd2 Rd8 23. Be3 Rxd3 24. Bg1 Bd4 25. Rad1 Rh3 26. Re2 h5 27. Rdd2 Kg7 28. Bxd4+ cxd4 29. Qe4 d3 30. Qd4+ Kh7 31. Rg2 Qe1+ 32. Qg1 Qe4 33. Qb1 Rxh2+ 34. Kg1 Qe3+ 0-1